An African minister's : (Record no. 29469)
[ view plain ]
| 000 -LEADER | |
|---|---|
| fixed length control field | 01230cam a2200349 i 4500 |
| 001 - CONTROL NUMBER | |
| control field | 18403032 |
| 005 - DATE AND TIME OF LATEST TRANSACTION | |
| control field | 20180119084743.0 |
| 008 - FIXED-LENGTH DATA ELEMENTS--GENERAL INFORMATION | |
| fixed length control field | 141211s2014 ke ac 000 0deng d |
| 010 ## - LIBRARY OF CONGRESS CONTROL NUMBER | |
| LC control number | 2014321138 |
| 020 ## - INTERNATIONAL STANDARD BOOK NUMBER | |
| International Standard Book Number | 9789966070449 |
| 020 ## - INTERNATIONAL STANDARD BOOK NUMBER | |
| International Standard Book Number | 9966070443 |
| 035 ## - SYSTEM CONTROL NUMBER | |
| System control number | (OCoLC)ocn911405891 |
| 040 ## - CATALOGING SOURCE | |
| Original cataloging agency | CUY |
| Language of cataloging | eng |
| Transcribing agency | CUY |
| Description conventions | rda |
| Modifying agency | IUL |
| -- | DLC |
| 042 ## - AUTHENTICATION CODE | |
| Authentication code | lccopycat |
| -- | lcode |
| 043 ## - GEOGRAPHIC AREA CODE | |
| Geographic area code | f-ke--- |
| 050 00 - LIBRARY OF CONGRESS CALL NUMBER | |
| Classification number | HD3100.5.A4 |
| Item number | N93 2014 |
| 100 1# - MAIN ENTRY--PERSONAL NAME | |
| Personal name | Nyagah, Joseph W. N., |
| Relator term | author. |
| 245 13 - TITLE STATEMENT | |
| Title | An African minister's : |
| Remainder of title | lessons for co-operatives / |
| Statement of responsibility, etc. | Joseph WN Nyagah ; edited by Neema Grace Mutemi. |
| 260 ## - PUBLICATION, DISTRIBUTION, ETC. (IMPRINT) | |
| Place of publication, distribution, etc. | Kenya : |
| Name of publisher, distributor, etc. | Ngewa Afrika ltd. ; |
| Date of publication, distribution, etc. | 2014 |
| 300 ## - PHYSICAL DESCRIPTION | |
| Extent | vii, 59 p. : |
| Other physical details | color ill., portraits ; |
| Dimensions | 21 cm |
| 650 #0 - SUBJECT ADDED ENTRY--TOPICAL TERM | |
| Topical term or geographic name as entry element | Cooperation |
| Geographic subdivision | Kenya. |
| 650 #0 - SUBJECT ADDED ENTRY--TOPICAL TERM | |
| Topical term or geographic name as entry element | Economic development |
| Geographic subdivision | Kenya. |
| 651 #0 - SUBJECT ADDED ENTRY--GEOGRAPHIC NAME | |
| Geographic name | Kenya |
| General subdivision | Politics and government. |
| 700 1# - ADDED ENTRY--PERSONAL NAME | |
| Personal name | Mutemi, Neema Grace, |
| Relator term | editor. |
| 906 ## - LOCAL DATA ELEMENT F, LDF (RLIN) | |
| a | 7 |
| b | cbc |
| c | copycat |
| d | 2 |
| e | ncip |
| f | 20 |
| g | y-gencatlg |
| 942 ## - ADDED ENTRY ELEMENTS (KOHA) | |
| Source of classification or shelving scheme | |
| Koha item type | Africana (Books) |
| Classification part | HD3100.5.A4N93 2014 |
| Withdrawn status | Lost status | Source of classification or shelving scheme | Damaged status | Not for loan | Home library | Current library | Shelving location | Date acquired | Source of acquisition | Total Checkouts | Full call number | Barcode | Date last seen | Price effective from | Koha item type | Date last checked out |
|---|---|---|---|---|---|---|---|---|---|---|---|---|---|---|---|---|
| MACHAKOS UNIVERSITY LIBRARY | MACHAKOS UNIVERSITY LIBRARY | Africana | 03/01/2018 | Donation(DVC APF) | HD3100.5.A4N93 2014 | 37440 | 31/05/2019 | 03/01/2018 | Africana (Books) | |||||||
| MACHAKOS UNIVERSITY LIBRARY | MACHAKOS UNIVERSITY LIBRARY | Africana | 03/01/2018 | Donation(DVC APF) | HD3100.5.A4N93 2014 | 37441 | 25/11/2020 | 03/01/2018 | Africana (Books) | |||||||
| MACHAKOS UNIVERSITY LIBRARY | MACHAKOS UNIVERSITY LIBRARY | Africana | 03/01/2018 | Donation(DVC APF) | HD3100.5.A4N93 2014 | 37442 | 31/05/2019 | 03/01/2018 | Africana (Books) | |||||||
| MACHAKOS UNIVERSITY LIBRARY | MACHAKOS UNIVERSITY LIBRARY | Africana | 03/01/2018 | Donation(DVC APF) | 3 | HD3100.5.A4N93 2014 | 37443 | 12/11/2021 | 03/01/2018 | Hard Covered Materials | 15/10/2021 |